English teachers handbook (Record no. 8255)

MARC details
000 -LEADER
fixed length control field 00496cam a2200205ua 4500
001 - CONTROL NUMBER
control field 9192
005 - DATE AND TIME OF LATEST TRANSACTION
control field 20260515114435.0
008 - FIXED-LENGTH DATA ELEMENTS--GENERAL INFORMATION
fixed length control field 150223n ii |||gr||||Z||||||eng
040 ## - CATALOGING SOURCE
Transcribing agency MAIN
041 ## - LANGUAGE CODE
Language code of text/sound track or separate title eng
082 ## - DEWEY DECIMAL CLASSIFICATION NUMBER
Classification number 420.071
100 ## - MAIN ENTRY--PERSONAL NAME
Personal name Baruah, T. C.,
Relator term Author.,
245 1# - TITLE STATEMENT
Title English teachers handbook
Statement of responsibility, etc. By T. C. Baruah
250 ## - EDITION STATEMENT
Edition statement 3rd rev.
260 ## - PUBLICATION, DISTRIBUTION, ETC.
Place of publication, distribution, etc. New delhi:
Name of publisher, distributor, etc. Sterling,
Date of publication, distribution, etc. 1997.
300 ## - PHYSICAL DESCRIPTION
Extent 328p.
653 ## - INDEX TERM--UNCONTROLLED
Uncontrolled term English & Old English
653 ## - INDEX TERM--UNCONTROLLED
Uncontrolled term English teacher
942 ## - ADDED ENTRY ELEMENTS (KOHA)
Koha item type Books
Holdings
Withdrawn status Lost status Damaged status Not for loan Home library Current library Shelving location Date acquired Total checkouts Full call number Barcode Date last seen Date last checked out Copy number Price effective from Koha item type
        Naharkatiya College Library Naharkatiya College Library General stacks 09/19/2020 1 420.071 | BAR 4453 06/03/2025 05/19/2025 2 09/19/2020 Books
        Naharkatiya College Library Naharkatiya College Library General stacks 09/19/2020   420.071 | BAR 4454 09/19/2020   1 09/19/2020 Books